000
00292nam a2200121Ia 4500
008
190216s9999||||xx |||||||||||||| ||und||
100
_a
Hajela T N
245
0
_a
Macro Economics An Introduction
260
_b
Shivlal Agarwala & Com
_c
1977
300
_a
457p
650
_a
Economics
942
_c
BK
999
_c
9492
_d
9492